Statistics for 2022 FIFA World Cup Group A - Qatar - Senegal

Click here to take the quiz!

General Stats

  • This quiz has been taken 43 times
  • The average score is 16 of 33

Answer Stats

Player% Correct
Édouard Mendy
89%
Kalidou Koulibaly
89%
Nampalys Mendy
89%
Boulaye Dia ¹
81%
Idrissa Gueye
78%
Ismaïla Sarr
74%
Pape Matar Sarr
74%
Akram Afif
70%
Almoez Ali
63%
Abdou Diallo
52%
Ró-Ró
52%
Youssouf Sabaly
52%
Aliou Cissé
48%
Pape Abou Cissé
48%
Pathé Ciss
48%
Krépin Diatta
44%
Famara Diédhiou ¹
41%
Abdelkarim Hassan
37%
Bamba Dieng ¹
37%
Abdulaziz Hatem
33%
Ismail Jakobs
33%
Moussa N'Diaye
33%
Boualem Khoukhi
30%
Hassan Al-Haydos
30%
Homam Ahmed
30%
Karim Boudiaf
30%
Mohammed Muntari ¹
30%
Assim Madibo
26%
Félix Sánchez
26%
Ismaeel Mohammad
26%
Mohammed Waad
26%
Meshaal Barsham
22%
Tarek Salman
22%

Score Distribution

Percentile by Number Answered

Percent of People with Each Score

Your Score History

You have not taken this quiz